01157nam a2200325 u 4500001000800000005001700008007001000025008004100035035001200076040001300088041000800101082000800109100005400117245010800171260004300279300001300322650002500335650002300360650002200383650003200405650003500437650004000472700005500512700005100567942001000618999001900628502001000647526000700657952016700664101512920260507074751.0co|||||||070209s2007 spa  a1015129 ccomduadb aspa 4a61410aAgudelo Franco, Andres Santiago4auteaut954519110aMarcadores inmunologicos para el diagnostico de tuberculosis latente y la prediccion de la reactivacion aMedellín :b[sin publicador],c2007. a1 CD-ROM aTuberculosis9176241 0aTuberculina939214 aInterferon913020 7aSalud pública2dcs932016 aDiagnóstico clínico946485 aTuberculosis - Diagnóstico97787210aLópez Martínez, Martha Ibeth4auteaut943005210aCorral Londoño, Helena del4drtedrt9556568 cTESIS c418073d418073 b17c4 a17 001040708TESDIGBCaBCbBCd2007-02-09eMaterial adquirido por donacióniC938801l0o614.542 A282 CD-ROMp0530311r2023-04-27 00:00:00t1w2023-04-27yDIGITAL